<?xml version="1.0" encoding="UTF-8"?><?xml-stylesheet type="text/xsl" href="static/style.xsl"?><OAI-PMH xmlns="http://www.openarchives.org/OAI/2.0/" xmlns:xsi="http://www.w3.org/2001/XMLSchema-instance" xsi:schemaLocation="http://www.openarchives.org/OAI/2.0/ http://www.openarchives.org/OAI/2.0/OAI-PMH.xsd"><responseDate>2026-06-01T18:08:04Z</responseDate><request verb="GetRecord" identifier="oai:riuma.uma.es:10630/28294" metadataPrefix="marc">https://riuma.uma.es/rest/oai/request</request><GetRecord><record><header><identifier>oai:riuma.uma.es:10630/28294</identifier><datestamp>2026-02-03T10:57:55Z</datestamp><setSpec>com_10630_2254</setSpec><setSpec>col_10630_37953</setSpec></header><metadata><record xmlns="http://www.loc.gov/MARC21/slim" xmlns:dcterms="http://purl.org/dc/terms/" xmlns:doc="http://www.lyncode.com/xoai" xmlns:xsi="http://www.w3.org/2001/XMLSchema-instance" xsi:schemaLocation="http://www.loc.gov/MARC21/slim http://www.loc.gov/standards/marcxml/schema/MARC21slim.xsd">
   <leader>00925njm 22002777a 4500</leader>
   <datafield ind2=" " ind1=" " tag="042">
      <subfield code="a">dc</subfield>
   </datafield>
   <datafield ind2=" " ind1=" " tag="720">
      <subfield code="a">Rojo-Gallego-Burín, Marina</subfield>
      <subfield code="e">author</subfield>
   </datafield>
   <datafield ind2=" " ind1=" " tag="260">
      <subfield code="c">2022-06-30</subfield>
   </datafield>
   <datafield ind2=" " ind1=" " tag="520">
      <subfield code="a">La mar desde los tiempos más antiguos ha sido el lugar perfecto para que el &#xd;
ser humano desarrolle su actividad comercial. Ello ha supuesto, por tanto, que sea un &#xd;
espacio donde se produzcan graves conflictos jurídicos. Esa actividad comercial fue &#xd;
propicia para la aparición de dos negocios jurídicos distintos el contrato de préstamo a &#xd;
riesgo marítimo y el contrato de seguro marítimo. En aras de contribuir en un mayor &#xd;
estudio sobre ellos, analizamos el tratamiento que estos reciben en el Código de &#xd;
Comercio español de 1829.</subfield>
   </datafield>
   <datafield ind1="8" ind2=" " tag="024">
      <subfield code="a">Rojo Gallego-Burín, M. (2022). Una aproximación histórica al contrato de préstamo a riesgo marítimo y el contrato de seguro marítimo. Revista Europea de Derecho de La Navegación Marítima y Aeronáutica, 38, 14–31.</subfield>
   </datafield>
   <datafield ind1="8" ind2=" " tag="024">
      <subfield code="a">https://hdl.handle.net/10630/28294</subfield>
   </datafield>
   <datafield tag="653" ind2=" " ind1=" ">
      <subfield code="a">Seguros marítimos</subfield>
   </datafield>
   <datafield tag="653" ind2=" " ind1=" ">
      <subfield code="a">Comercio marítimo</subfield>
   </datafield>
   <datafield tag="653" ind2=" " ind1=" ">
      <subfield code="a">Derecho - España - 18..</subfield>
   </datafield>
   <datafield ind2="0" ind1="0" tag="245">
      <subfield code="a">Una aproximación histórica al contrato de préstamo a riesgo marítimo y el contrato de seguro marítimo.</subfield>
   </datafield>
</record>
</metadata></record></GetRecord></OAI-PMH>